Revista jurídica de Buenos Aires : 1991

Guardado en:
Autor Corporativo: Universidad de Buenos Aires Facultad de Derecho
Formato: Seriadas
Idioma:Spanish
Publicado: Buenos Aires : Abeledo-Perrot, 1991
Etiquetas: Agregar Etiqueta
Sin Etiquetas, Sea el primero en etiquetar este registro!
LEADER 00403nas a22001215a 4500
001 DER.der006932
005 20140623000000.0
008 180615s1991####||||||||||||||||||||spa||
245 1 0 |a Revista jurídica de Buenos Aires :  |b 1991 
260 |a Buenos Aires :  |b Abeledo-Perrot,  |c 1991 
710 1 |a Universidad de Buenos Aires  |b Facultad de Derecho 
859 |a DERECHO  |b BIB. DERECHO  |p 005700 
859 |a DERECHO  |b BIB. DERECHO  |p 000390